000 00590nmm a2200217 a 4500
003 AR-Y00000XR
005 20251128211704.0
008 067020s1991 ||||||||||||||000 | spa||
020 _a0-05-004414-1
040 _cAR-Y00000XR
245 1 0 _aMathematics
_bnew curriculum for schools : key stage 2, book 1
260 _aHarlow
_bOliver & Boyd
_c1991
300 0 _a80 p.
_bil.
650 4 _aENSENANZA DE LAS MATEMATICAS
650 4 _aLIBROS DE TEXTO
650 4 _aINGLES
650 4 _aACTIVIDADES DE LA CLASE
653 0 _aPROBLEMAS [MATEMATICA]
942 _cBK
998 _cmi-desc
999 _c20721
_d20721